000 00652nam a2200193 4500
001 sa 65002259
003 DLC
005 20260227112115.0
008 880919q19501959br a 00010 buro
010 _asa 65002259 //r882
050 0 _aPL3988.B3
_bL3
100 0 0 _aBa Thoung,
_cThakin,
_d1901-
245 1 0 _aLạ kamba hsi thọ;
_bhsān kye thāw akathạ hkạ yī sin.
_cThạ hkin Bạ Thāung yēi thi. pān chi thạ yok hpaw Ū Kyaw Ū.
260 0 _a[Yan kon,
_bMyan ma Naing Ngan Batha Pyan Sa pei Ạ thīn,
_c195-?]
300 _a64 p.
_billus.
_c18 cm.
490 0 _aPyi thụ let swē sa sin
500 _aIn Burmese.
500 _aA novel.
999 _c62552
_d62552